000 00276nam a2200109Ia 4500
001 588626
005 20250717120835.0
008 250717s9999 xx 000 0 und d
245 0 _aV-5 GIDIKLAYAN PROJE
_cŞEBNEM GÜLER KARACAN
260 _bERDEM YAYINLARI
_c2017
300 _b94
999 _c588626
_d588626